<?xml version="1.0" encoding="UTF-8" ?>
<collection xmlns="http://www.loc.gov/MARC21/slim"><record><leader>01055nkm a2200265 c 4500</leader><controlfield tag="001">223709</controlfield><controlfield tag="003">CH-000273-5</controlfield><controlfield tag="005">20220803110640.0</controlfield><datafield tag="035" ind1=" " ind2=" "><subfield code="a">(OCoLC)1295409475</subfield></datafield><datafield tag="040" ind1=" " ind2=" "><subfield code="a">CH-000273-5</subfield><subfield code="b">ger</subfield><subfield code="e">rda</subfield></datafield><datafield tag="041" ind1=" " ind2=" "><subfield code="a">zxx</subfield></datafield><datafield tag="110" ind1="2" ind2="0"><subfield code="a">Ph. &amp; E. Link</subfield><subfield code="g">Zürich</subfield><subfield code="e">Fotograf</subfield><subfield code="4">pht</subfield></datafield><datafield tag="245" ind1="0" ind2="0"><subfield code="a">Kunsthaus Zürich</subfield><subfield code="b">Tür Haupteingang</subfield><subfield code="c">[Zürcher Kunstgesellschaft]</subfield></datafield><datafield tag="264" ind1=" " ind2=" "><subfield code="a">[Zürich]</subfield><subfield code="b">[Zürcher Kunstgesellschaft]</subfield><subfield code="c">[1910]</subfield></datafield><datafield tag="300" ind1=" " ind2=" "><subfield code="a">1 Fotografie</subfield><subfield code="b">schwarz-weiss</subfield><subfield code="c">18 x 24 cm</subfield></datafield><datafield tag="336" ind1=" " ind2=" "><subfield code="a">unbewegtes Bild</subfield><subfield code="b">sti</subfield><subfield code="2">rdacontent</subfield></datafield><datafield tag="337" ind1=" " ind2=" "><subfield code="a">ohne Hilfsmittel zu benutzen</subfield><subfield code="b">n</subfield><subfield code="2">rdamedia</subfield></datafield><datafield tag="338" ind1=" " ind2=" "><subfield code="a">Blatt</subfield><subfield code="b">nb</subfield><subfield code="2">rdacarrier</subfield></datafield><datafield tag="340" ind1=" " ind2=" "><subfield code="a">Glas</subfield><subfield code="o">negativ</subfield></datafield><datafield tag="500" ind1=" " ind2=" "><subfield code="a">Beschriftung am Rand des Negativs: &quot;61362 Curiel Moser&quot;</subfield></datafield><datafield tag="610" ind1="2" ind2="7"><subfield code="a">Kunsthaus Zürich</subfield><subfield code="x">Museumsbau</subfield><subfield code="x">Tür</subfield><subfield code="x">Gitter</subfield><subfield code="x">Ornament</subfield><subfield code="y">Geschichte 1910</subfield><subfield code="2">gnd</subfield></datafield><datafield tag="655" ind1="0" ind2="7"><subfield code="a">Fotografie</subfield><subfield code="2">gnd-content</subfield></datafield><datafield tag="710" ind1="2" ind2="0"><subfield code="a">Zürcher Kunstgesellschaft</subfield><subfield code="e">Auftraggeber</subfield><subfield code="4">pat</subfield></datafield><datafield tag="852" ind1="4" ind2="0"><subfield code="a">CH-000273-5</subfield><subfield code="c">Archiv 10.70.10 NA.001:00048</subfield></datafield><datafield tag="856" ind1="4" ind2="1"><subfield code="u">https://digital.kunsthaus.ch:443/viewer/image/223709/1/</subfield><subfield code="y">Kunsthaus Zürich Sammlungen online</subfield></datafield></record></collection>